拼音以M开头的中国城市 Chinese cities whose pinyin begins with M - Statistics

General Stats
  • This quiz has been taken 90 times
  • The average score is 12 of 22
Answer Stats
七普人口 DWUA 省份 行政类别 城市 % Correct
86 103 安徽 地级市 马鞍山
92%
73 85 黑龙江 地级市 牡丹江
90%
67 四川 地级市 眉山
89%
66 广东 地级市 梅州
89%
90 广东 地级市 茂名
86%
138 109 四川 地级市 绵阳
86%
30 湖北 县级市 麻城
56%
3 黑龙江 县级市 漠河
49%
20 云南 县级市 芒市
48%
39 云南 县级市 蒙自
44%
3 四川 县级市 马尔康
43%
2 青海 县级市 茫崖
43%
25 吉林 县级市 梅河口
43%
15 内蒙古 县级市 满洲里
40%
19 安徽 县级市 明光
38%
16 四川 县级市 绵竹
37%
6 黑龙江 县级市 穆棱
35%
暂无数据 西藏 县级市 米林
32%
14 河南 县级市 孟州
30%
18 湖南 县级市 汨罗
30%
12 黑龙江 县级市 密山
30%
18 云南 县级市 弥勒
29%
No matching quizzes found
Score Distribution
Percent of People with Each Score
Percentile by Number Answered
Your Score History
You have not taken this quiz